Memorias de la Real Academia de Ciencias Morales y Políticas (Record no. 172588)

MARC details
000 -LEADER
campo de control de longitud fija 02809nas a2200325 i 4500
001 - NÚMERO DE CONTROL
campo de control 172588
003 - IDENTIFICADOR DE NÚMERO DE CONTROL
campo de control ES-MaACL
005 - FECHA Y HORA DE LA ÚLTIMA TRANSACCIÓN
campo de control 20250928134551.0
007 - CAMPO FIJO DE DESCRIPCIÓN FÍSICA--INFORMACIÓN GENERAL
campo de control de longitud fija t|
008 - DATOS DE LONGITUD FIJA--INFORMACIÓN GENERAL
campo de control de longitud fija 090723c1889 sp a| | 1 ||pa d
080 ## - NÚMERO DE LA CLASIFICACIÓN DECIMAL UNIVERSAL
Número de la Clasificación Decimal Universal 3 : 061.12(460)
110 2# - ENTRADA PRINCIPAL--NOMBRE DE ENTIDAD CORPORATIVA
Nombre de entidad corporativa o nombre de jurisdicción como elemento de entrada Real Academia de Ciencias Morales y Políticas (España)
9 (RLIN) 222050
245 10 - MENCIÓN DEL TÍTULO
Título Memorias de la Real Academia de Ciencias Morales y Políticas
Fechas predominantes 1889.
260 ## - PUBLICACIÓN, DISTRIBUCIÓN, ETC.
Lugar de publicación, distribución, etc. Madrid :
Nombre del editor, distribuidor, etc. [s. n.],
Fecha de publicación, distribución, etc. 1889 (
Fabricante Tip. de los Huérfanos)
300 ## - DESCRIPCIÓN FÍSICA
Extensión 1 v. ;
Dimensiones 26 cm.
505 8# - NOTA DE CONTENIDO CON FORMATO
Nota de contenido con formato Contiene: T. VI: Resumen de las actas leído el 28 de diciembre de 1884 / José García Barzanallana (20 p.). Términos primordiales del problema social comtemporáneo / Carlos María Perier (p. 21-34). Resumen de las actas leído el 27 de diciembre de 1885 / José García Barzanallana (p. 35-56). De la importancia política, social y económica de las grandes capitales en las naciones modernas / Conde de Toreno (p. 57-138). Los Consejos del Rey durante la edad Media, su formación, autoridad y principales acuerdos en Europa y singularmente en Castilla (escrito por el Conde de Torreánaz / Manuel Colmeiro y Vizconde de Campo Grande (p. 139-146). De la extradición según el derecho internacional moderno / Francisco de Cárdenas (p. 147-176). La moral utilitaria / Francisco Javier Caminero y Muñoz (p. 177-286). Mediación del Papa León XIII entre España y Alemania sobre las islas Carolinas y Palaos / Conde de Casa Valencia y Carlos María Perier (p. 287-304). Las relaciones entre el Pontificado y el reino de Italia / Marqués de la Vega Armijo (p. 305-358). Una agrupación vascongada de 1820 a 1850 / Duque de Mandas (p. 359-370). El divorcio / Benito Gutiérrez Fernández (p. 371-542). ¿A quién pertenecerá Marruecos? / Vizconde de Campo Grande (p. 543-552). La hacienda pública de Portugal en sus relaciones con la de España / José García Barzanallana (p. 553-642). Rosmini y sus obras / Vicente de la Fuente (p. 643-690).
700 1# - ENTRADA AGREGADA--NOMBRE PERSONAL
Nombre de persona Perier, Carlos María.
9 (RLIN) 131024
700 1# - ENTRADA AGREGADA--NOMBRE PERSONAL
Nombre de persona Toreno, José María Queipo de Llano Ruiz de Saravia,
Títulos y otros términos asociados al nombre Conde de,
Fechas asociadas al nombre 1786-1843
9 (RLIN) 143059
700 1# - ENTRADA AGREGADA--NOMBRE PERSONAL
Nombre de persona Colmeiro, Manuel (
Fechas asociadas al nombre 1818-1894)
9 (RLIN) 39768
700 1# - ENTRADA AGREGADA--NOMBRE PERSONAL
Nombre de persona Casa de Valencia, Emilio Alcalá Galiano y Valencia,
Títulos y otros términos asociados al nombre Conde de,
Fechas asociadas al nombre 1831-1914
9 (RLIN) 19462
700 1# - ENTRADA AGREGADA--NOMBRE PERSONAL
Nombre de persona García Barzanallana, José,
Fechas asociadas al nombre 1819-1903
9 (RLIN) 54239
700 1# - ENTRADA AGREGADA--NOMBRE PERSONAL
Nombre de persona Jove y Hevia, Plácido de,
Títulos y otros términos asociados al nombre Vizconde de Campo Grande
9 (RLIN) 67050
700 1# - ENTRADA AGREGADA--NOMBRE PERSONAL
Nombre de persona Cárdenas, Francisco de,
Fechas asociadas al nombre 1816-1898
9 (RLIN) 35138
700 1# - ENTRADA AGREGADA--NOMBRE PERSONAL
Nombre de persona Aguilar y Correa, Antonio,
Títulos y otros términos asociados al nombre Marqués de la Vega de Armijo,
Fechas asociadas al nombre 1824-1908
9 (RLIN) 18751
700 1# - ENTRADA AGREGADA--NOMBRE PERSONAL
Nombre de persona Caminero Muñoz, Francisco Javier.
9 (RLIN) 34077
700 1# - ENTRADA AGREGADA--NOMBRE PERSONAL
Nombre de persona Gutiérrez Fernández, Benito,
Fechas asociadas al nombre 1826-1885
9 (RLIN) 61147
700 1# - ENTRADA AGREGADA--NOMBRE PERSONAL
Nombre de persona Fuente, Vicente de la,
Fechas asociadas al nombre 1817-1889
9 (RLIN) 52857
852 ## - LOCALIZACIÓN
Ubicación ES-MaACL
Número de control de estantería K-176
Holdings
Estatus retirado Estado de pérdida Estado de daño No para préstamo Colección Biblioteca de origen Biblioteca actual Ubicación en estantería Fecha de adquisición Total de préstamos Signatura topográfica completa Código de barras Visto por última vez Precio de reemplazo Tipo de ítem Koha
        Periódicos y Revistas Biblioteca del Ateneo de Madrid Biblioteca del Ateneo de Madrid Administración 23/07/2009   K-176 1181117 23/02/2023 23/02/2023 Revista